La parranda de Mimi = (Record no. 29067)

MARC details
000 -LEADER
fixed length control field 01324nam a22003374a 4500
001 - CONTROL NUMBER
control field ocm63125990
003 - CONTROL NUMBER IDENTIFIER
control field OCoLC
005 - DATE AND TIME OF LATEST TRANSACTION
control field 20240203170404.0
008 - FIXED-LENGTH DATA ELEMENTS--GENERAL INFORMATION
fixed length control field 080627s2006 txua j 000 1 spa
010 ## - LIBRARY OF CONGRESS CONTROL NUMBER
LC control number 2006041699
020 ## - INTERNATIONAL STANDARD BOOK NUMBER
International Standard Book Number 1558854770 (alk. paper)
020 ## - INTERNATIONAL STANDARD BOOK NUMBER
International Standard Book Number 9781558854772 (alk. paper)
035 ## - SYSTEM CONTROL NUMBER
System control number 677414
040 ## - CATALOGING SOURCE
Original cataloging agency DLC
Transcribing agency DLC
Modifying agency BAKER
-- DPL
-- LNQ
-- BTCTA
-- YDXCP
-- UPZ
-- EHH
-- OCL
-- BYV
041 0# - LANGUAGE CODE
Language code of text/sound track or separate title spa
-- eng
043 ## - GEOGRAPHIC AREA CODE
Geographic area code nwpr---
100 1# - MAIN ENTRY--PERSONAL NAME
Personal name Gil, L. M.
Fuller form of name (Lydia M.),
Dates associated with a name 1970-
245 13 - TITLE STATEMENT
Title La parranda de Mimi =
Remainder of title Mimi's parranda /
Statement of responsibility, etc. by Lydia Gil ; illustrations by Hernan Sosa.
246 31 - VARYING FORM OF TITLE
Title proper/short title Mimi's parranda.
260 ## - PUBLICATION, DISTRIBUTION, ETC. (IMPRINT)
Place of publication, distribution, etc. Houston, TX :
Name of publisher, distributor, etc. Pinata Books,
Date of publication, distribution, etc. 2006.
300 ## - PHYSICAL DESCRIPTION
Extent 1 v. (unpaged) :
Other physical details col. ill. ;
Dimensions 23 x 29 cm.
520 ## - SUMMARY, ETC.
Summary, etc. Mimí can't help but be depressed when she finds out her family is not going on their traditional Christmas trip to Puerto Rico. She doesn't want to miss her parranda, but her friends have a plan.
526 8# - STUDY PROGRAM INFORMATION NOTE
Program name Accelerated Reader
Interest level LG
Reading level 3.6
Title point value 0.5
Public note 114814SP.
546 ## - LANGUAGE NOTE
Language note Parallel Spanish and English text.
650 #0 - SUBJECT ADDED ENTRY--TOPICAL TERM
Topical term or geographic name as entry element Parties
Geographic subdivision Puerto Rico
Form subdivision Juvenile fiction.
650 #0 - SUBJECT ADDED ENTRY--TOPICAL TERM
Topical term or geographic name as entry element Christmas
Geographic subdivision Puerto Rico
Form subdivision Juvenile fiction
651 #0 - SUBJECT ADDED ENTRY--GEOGRAPHIC NAME
Geographic name Puerto Rico
Form subdivision Juvenile fiction.
655 #7 - INDEX TERM--GENRE/FORM
Genre/form data or focus term Picture books for children.
Source of term lcsh.
700 ## - ADDED ENTRY--PERSONAL NAME
Personal name Sosa, Hernan
Relator term illus
942 ## - ADDED ENTRY ELEMENTS (KOHA)
Koha item type Libro/Book
Holdings
Withdrawn status Lost status Damaged status Not for loan Home library Current library Date acquired Inventory number Total Checkouts Full call number Barcode Date last seen Price effective from Koha item type Checked out Date checked out
        Azul y Blanco -- Satellite Azul y Blanco -- Satellite 24/05/2016 inventory date: 22-1-25   JES 35200106 24/05/2016 24/05/2016 Libro/Book    
        San Juan Del Sur -- Mobile Ostional 03/02/2024 Inventory date: 27-2-25 2 JI 33017659 17/03/2026 03/02/2024 Libro/Book 21/04/2026 17/03/2026

Powered by Koha